1543 1833 1903 1548 1954 1289 1746 1882 1146 1845 1143 1973 1952 1984 1089 1930 1211 1419 1058 1769 1190 1839 1973 1777 1838 1062 1268 1071 1269 1043 1804 1991 1736 1129 1377 1807 1957 1505 1366 1048 1904 1185 1146 1391 1312 1775 1409 1130 1176 1940 1158 1121 1392 1045 1908 1962 1205 1984 1404 1769 1811 1832 1309 1365 1222 1038 1050 1496 1787 1200 1636 1506 1310 1193 1865 1431 1505 1896 1224 1300 1565 1827 1498 1058 1865 1979 1422 1341 1975 1447 1496 1516 1140 1817 1672 1811 1455 1852 1960 BCNSPRNW ULIB Ver.6.0+V

เปลี่ยนเป็นภาษาไทย

Change to English
 แสดงรายละเอียดบรรณานุกรม
  กลับหน้าหลัก

Brief Record : Get Marc (ISO 2709) : E-mail record : QR code < ปิดหน้าต่าง
LEADER : 00000nam 2200000uu 4500
001    13399128189
003     ULIB
008    220815s2021||||th 000 0 tha d
020 ^- ^a9781284204308
060 ^- ^aWX215^bE4415
245 00 ^aEmergency care and transportation of the sick and injured.
250 ^- ^a12th ed.
260 ^- ^aSudbury, Mass. :^bJones and Bartlett,^c2021.
300 ^- ^a xxxi, 1639 p.
650 ^4 ^aEmergency medical services.
650  0 ^aEmergency treatment.
700 1^ ^aBrowner, Bruce D.
700 0  ^aJacobs, Lenworth M
700 0  ^aPollak, Andrew N.
945    ^p0^l0^i009293
999    ^aประนอม เกษจรัล
รายการนี้ยังไม่มีแท็ก
คุณยังไม่ได้ล็อกอิน คุณสามารถมีกิจกรรมร่วมกับเว็บไซต์ได้ แต่ต้องล็อกอินก่อน ::
  ล็อกอิน

รายการสื่อสารสนเทศ

ลำดับที่ ประเภท เลขเรียก/บาร์โค้ด สถานที่ สถานะ
1. วิทยาศาสตร์การแพทย์ และสุขภาพ
หนังสือสำรอง
สถานะ=หนังสือสำรอง
WX215 E4415 ฉ.1 
  Barcode: 009293
ห้องสมุดวิทยาเขตสวรรค์ประชารักษ์
►หนังสือทั่วไป
บนชั้น

รายการใกล้เคียง
    หัวเรื่อง [Emergency medical services.]

BibComment


ยังไม่เคยถูกคอมเมนท์

คอมเมนท์ทรัพยากรรายการนี้
  คอมเมนท์: Emergency care a..


 Copyright 2026. Bcnsprnw @Library